[Event "Championnat de Ligue Individuel"]
[Site "Vendin les Bethune"]
[Date "2010.??.??"]
[Round "5.9"]
[White "Rohart, Quentin"]
[Black "Mestdagh, Franck"]
[Result "0-1"]
[WhiteElo "1620"]
[BlackElo "1936"]
[PlyCount "90"]
[EventDate "2008.??.??"]
[EventType "swiss"]
[EventRounds "7"]
[EventCountry "FRA"]

1. e4 c5 2. Nf3 d6 3. h3 Nf6 4. d3 e6 5. Bf4 d5 6. e5 Nfd7 7. c3 Nc6 8. Be2 Be7
9. O-O O-O 10. Nbd2 Qc7 11. Bg3 b5 12. d4 b4 13. cxb4 cxd4 14. b5 Ncxe5 15.
Nxd4 Qb6 16. N2b3 Bb7 17. a4 Rac8 18. a5 Qd8 19. a6 Ba8 20. Na5 Qb6 21. Bxe5
Nxe5 22. Qa4 Bc5 23. Ndb3 Rc7 24. Qf4 Bd6 25. Qd2 Nc4 26. Nxc4 dxc4 27. Nd4 Bd5
28. Rfd1 Be5 29. Qa5 Bxd4 30. Rxd4 Qxd4 31. Qxc7 Qxb2 32. Re1 Qxb5 33. Qxa7 Ra8
34. Qc7 Qxa6 35. Rb1 Qc8 36. Qe7 Qf8 37. Qc7 Rc8 38. Qg3 Qd8 39. Rc1 h6 40. Qc3
Qg5 41. g3 Qf5 42. Bg4 Qe4 43. Kf1 Ra8 44. Qb2 g6 45. f4 Qh1+ 0-1

[Event "Championnat de Ligue Individuel"]
[Site "Vendin les Bethune"]
[Date "2010.??.??"]
[Round "6.3"]
[White "Dufour, Mickael"]
[Black "Barbaut, Michel"]
[Result "0-1"]
[WhiteElo "2099"]
[BlackElo "2042"]
[PlyCount "30"]
[EventDate "2008.??.??"]
[EventType "swiss"]
[EventRounds "7"]
[EventCountry "FRA"]

1. e4 d5 2. exd5 Nf6 3. Bb5+ Nbd7 4. c4 a6 5. Bxd7+ Qxd7 6. Nc3 b5 7. d3 e6 8.
dxe6 fxe6 9. Nf3 Bd6 10. Be3 bxc4 11. dxc4 Qe7 12. O-O O-O 13. Qe2 Bb7 14. Rad1
Ng4 15. c5 Bxf3 0-1

[Event "Championnat de Ligue Individuel"]
[Site "Vendin les Bethune"]
[Date "2010.??.??"]
[Round "6.4"]
[White "Bougel, Claude"]
[Black "Manet, Eric"]
[Result "0-1"]
[WhiteElo "1821"]
[BlackElo "2015"]
[PlyCount "108"]
[EventDate "2008.??.??"]
[EventType "swiss"]
[EventRounds "7"]
[EventCountry "FRA"]

1. c4 c5 2. Nf3 Nf6 3. Nc3 g6 4. e4 d6 5. d4 cxd4 6. Nxd4 Bg7 7. Be2 O-O 8. O-O
a6 9. Be3 Qc7 10. Qd2 Bd7 11. Rac1 Nc6 12. f3 Nxd4 13. Bxd4 Rac8 14. Nd5 Nxd5
15. Bxg7 Kxg7 16. cxd5 Qb6+ 17. Kh1 Rxc1 18. Rxc1 Rc8 19. Rxc8 Bxc8 20. Qc3+ f6
21. Qxc8 Qxb2 22. Bf1 Qa1 23. Qc4 b5 24. Qe2 Qd4 25. g3 Kf7 26. Kg2 Ke8 27. Qc2
Kd8 28. Qf2 Qa4 29. Bd3 Qa3 30. Qc2 Qb4 31. a4 bxa4 32. Bxa6 Ke8 33. Qc6+ Kf7
34. Bb5 a3 35. Qe8+ Kg7 36. Qxe7+ Kh6 37. Qf8+ Kh5 38. g4+ Kg5 39. h4+ Kf4 40.
Qxf6+ Ke3 41. Qg5+ Kd4 42. Qf6+ Kc5 43. Be2 Qd2 44. Kg3 Qe1+ 45. Kh3 a2 46. Qb2
a1=Q 47. Qb5+ Kd4 48. Qb6+ Kc3 49. Qe3+ Kb2 50. Qd4+ Ka3 51. Qa7+ Kb3 52. Qe3+
Qec3 53. Qb6+ Kc2 54. Kg2 Qae1 0-1

[Event "Championnat de Ligue Individuel"]
[Site "Vendin les Bethune"]
[Date "2010.??.??"]
[Round "6.6"]
[White "Ait Chaouche, Samy"]
[Black "Bocquet, David"]
[Result "1/2-1/2"]
[WhiteElo "2019"]
[BlackElo "1767"]
[PlyCount "114"]
[EventDate "2008.??.??"]
[EventType "swiss"]
[EventRounds "7"]
[EventCountry "FRA"]

1. e4 c5 2. Na3 a6 3. Nf3 d6 4. h3 Nc6 5. c3 Nf6 6. d3 g6 7. g3 Bg7 8. Bg2 O-O
9. Be3 Rb8 10. Qd2 b5 11. Nc2 Be6 12. O-O c4 13. Nfd4 Nxd4 14. Nxd4 Qc8 15.
Nxe6 Qxe6 16. Kh2 Rbc8 17. Rfe1 cxd3 18. Qxd3 Qc4 19. Qxc4 Rxc4 20. f3 d5 21.
exd5 Nxd5 22. Bf1 Rcc8 23. Rad1 Nxe3 24. Rxe3 e6 25. Rd6 Ra8 26. a3 Rfd8 27.
Red3 Bf6 28. Rxd8+ Rxd8 29. Rxd8+ Bxd8 30. Kg2 Kf8 31. a4 bxa4 32. Bxa6 Be7 33.
Bc4 a3 34. bxa3 Bxa3 35. Bb3 Ke7 36. f4 Bd6 37. Kf3 e5 38. Ke4 exf4 39. gxf4 f6
40. f5 g5 41. Kd5 Kd7 42. Bd1 Be5 43. c4 Ba1 44. Bh5 Be5 45. Kc5 Kc7 46. Bf7
Ba1 47. Be8 Be5 48. Kd5 Ba1 49. Ke6 Kb6 50. Kd5 Kc7 51. Ke6 Kb6 52. Kd6 Be5+
53. Kd5 Kc7 54. c5 Ba1 55. Ke6 Be5 56. Bg6 Kc6 57. Bxh7 Kxc5 1/2-1/2

[Event "Championnat de Ligue Individuel"]
[Site "Vendin les Bethune"]
[Date "2010.??.??"]
[Round "6.7"]
[White "Mestdagh, Franck"]
[Black "Manet, Anthony"]
[Result "1-0"]
[WhiteElo "1936"]
[BlackElo "1705"]
[PlyCount "71"]
[EventDate "2008.??.??"]
[EventType "swiss"]
[EventRounds "7"]
[EventCountry "FRA"]

1. d4 d5 2. Nf3 Nf6 3. g3 Bf5 4. Bg2 Qd7 5. Ne5 Qc8 6. h3 Nbd7 7. O-O c6 8. c4
Nb6 9. cxd5 Nbxd5 10. Kh2 e6 11. f3 Bg6 12. e4 Nc7 13. Nc3 Bb4 14. Be3 O-O 15.
Rc1 Nd7 16. Qe2 Nxe5 17. dxe5 Na6 18. a3 Bc5 19. Bxc5 Nxc5 20. b4 Na6 21. Nb5
Qd7 22. Rfd1 Qe7 23. Nd6 Rfb8 24. f4 h6 25. f5 Bh7 26. f6 gxf6 27. exf6 Qf8 28.
e5 Nc7 29. Qg4+ Kh8 30. Be4 Bxe4 31. Qxe4 Nd5 32. Rd4 Nc7 33. Qe2 Ne8 34. Rh4
Nxd6 35. exd6 Rd8 36. Rc5 1-0

[Event "Morbihan Ch0708"]
[Site "Morbihan"]
[Date "2008.01.12"]
[Round "4.1"]
[White "Le Corre, Patrick"]
[Black "Stephan, Victor"]
[Result "1/2-1/2"]
[WhiteElo "1982"]
[BlackElo "2094"]
[PlyCount "138"]
[EventDate "2008.??.??"]
[EventType "swiss"]
[EventRounds "7"]
[EventCountry "FRA"]

1. e4 d5 2. exd5 Qxd5 3. Nc3 Qa5 4. Bc4 Nf6 5. Nf3 c6 6. O-O Bg4 7. h3 Bh5 8.
Re1 e6 9. d3 Bb4 10. Bd2 Nbd7 11. a3 Bxc3 12. Bxc3 Qc7 13. b4 O-O 14. g4 Bg6
15. Ne5 Nd5 16. Bb2 b5 17. Bb3 f5 18. Nxg6 hxg6 19. Rxe6 Rf7 20. g5 Kh7 21. Qf3
N7b6 22. Rae1 Rd7 23. h4 Qf4 24. Qxf4 Nxf4 25. Rxc6 Rad8 26. Re5 Nc8 27. Be6
Nxe6 28. Rcxe6 Nd6 29. Rd5 f4 30. Be5 Nf5 31. Rxd7 Rxd7 32. Bxf4 Nd4 33. Rd6
Rxd6 34. Bxd6 Nxc2 35. Bc5 Nxa3 36. Bxa7 Nc2 37. Bc5 Ne1 38. d4 Kg8 39. Kh2 Kf7
40. Kg3 Ke6 41. Kg4 Nd3 42. f3 Nf2+ 43. Kf4 Nd1 44. Kg3 Ne3 45. Kf4 Nd5+ 46.
Ke4 Nc3+ 47. Kd3 Nd5 48. Bf8 Kf7 49. Ke4 Nc3+ 50. Kd3 Nd5 51. Bc5 Ke6 52. Ke4
Nc3+ 53. Kf4 Nd5+ 54. Kg3 Ne3 55. d5+ Nxd5 56. Kg4 Ke5 57. h5 gxh5+ 58. Kxh5
Kf5 59. Bd6 Ne3 60. Bf8 g6+ 61. Kh6 Nd5 62. Bd6 Ne3 63. f4 Nd5 64. Kg7 Ne3 65.
Kg8 Ke6 66. Be5 Nd5 67. Kg7 Kf5 68. Bd6 Ne3 69. Kf7 Nd5 1/2-1/2

[Event "Morbihan Ch0708"]
[Site "Morbihan"]
[Date "2008.01.12"]
[Round "4.6"]
[White "Jolivel, Dominique"]
[Black "Le Garrec, Maxime"]
[Result "1-0"]
[WhiteElo "1870"]
[BlackElo "1764"]
[PlyCount "67"]
[EventDate "2008.??.??"]
[EventType "swiss"]
[EventRounds "7"]
[EventCountry "FRA"]

1. Nf3 d6 2. d4 g6 3. c4 Nf6 4. Nc3 Bg7 5. h3 O-O 6. e4 c6 7. Be2 Qc7 8. O-O
Nbd7 9. Be3 a6 10. a4 b6 11. Qd2 Ne8 12. Bh6 f6 13. Bd3 e5 14. Bc2 exd4 15.
Nxd4 Ne5 16. b3 Bd7 17. Bxg7 Nxg7 18. f4 Nf7 19. Rae1 c5 20. Nf3 Bc6 21. Qf2
Qb7 22. g4 Rae8 23. Qh4 Qd7 24. Rd1 Qc7 25. Qxf6 Re6 26. Qh4 Rfe8 27. Rde1 Qb7
28. Nd5 Bxd5 29. exd5 Re2 30. Bd1 R2e3 31. Rxe3 Rxe3 32. Re1 Rd3 33. Qf2 Ne6
34. dxe6 1-0

[Event "Morbihan Ch0708"]
[Site "Morbihan"]
[Date "2008.01.19"]
[Round "4.14"]
[White "Pouliquen, Alain"]
[Black "Oger, Julien"]
[Result "1-0"]
[WhiteElo "1696"]
[BlackElo "1499"]
[PlyCount "47"]
[EventDate "2008.??.??"]
[EventType "swiss"]
[EventRounds "7"]
[EventCountry "FRA"]

1. d4 d5 2. Nf3 Nf6 3. c4 dxc4 4. Nc3 Nc6 5. e4 Bg4 6. Be3 e6 7. Bxc4 Qd6 8. e5
Qb4 9. Bd3 Nd5 10. Bd2 Nxd4 11. Nxd5 Qxb2 12. Nxc7+ Ke7 13. Nxa8 Nxf3+ 14. gxf3
Qxe5+ 15. Be3 Bh5 16. Rc1 g6 17. Rc7+ Kf6 18. Be4 Bb4+ 19. Kf1 Rxa8 20. Bd4 Rd8
21. Bxe5+ Kxe5 22. Qxd8 Ba5 23. Rc5+ Kf4 24. Qf6# 1-0

[Event "Morbihan Ch0708"]
[Site "Morbihan"]
[Date "2008.01.12"]
[Round "4.15"]
[White "Rostam, Salim"]
[Black "Sellin, Alain"]
[Result "1-0"]
[WhiteElo "1640"]
[BlackElo "1720"]
[PlyCount "99"]
[EventDate "2008.??.??"]
[EventType "swiss"]
[EventRounds "7"]
[EventCountry "FRA"]

1. e4 e5 2. Bc4 Bc5 3. d3 h6 4. f4 Qf6 5. Qf3 Nc6 6. Ne2 d6 7. Nbc3 Be6 8. Nd5
Bxd5 9. Bxd5 Nge7 10. Bb3 a6 11. fxe5 Qxf3 12. gxf3 dxe5 13. f4 f6 14. Be6 Nd4
15. Nxd4 Bxd4 16. c3 Bb6 17. fxe5 fxe5 18. Rf1 Rf8 19. Rxf8+ Kxf8 20. Ke2 Ng6
21. b3 Bg1 22. Ba3+ Ke8 23. Bf5 Nf4+ 24. Kf3 Bb6 25. Rd1 g5 26. d4 Rd8 27. d5
Ba7 28. c4 c5 29. Bb2 Bb8 30. Rg1 Ke7 31. Bc3 b6 32. a3 a5 33. b4 axb4 34. axb4
Bd6 35. Ra1 cxb4 36. Ra7+ Kf6 37. Bb2 Rg8 38. Rh7 Bf8 39. d6 Bxd6 40. Rxh6+ Ke7
41. Rh7+ Kd8 42. Rd7+ Ke8 43. Rxd6 Rh8 44. Bxe5 Rxh2 45. Bg6+ Ke7 46. Bxf4 gxf4
47. Rxb6 Rh6 48. Kxf4 b3 49. Rb7+ Kf8 50. Bf5 1-0

[Event "Morbihan Ch0708"]
[Site "Morbihan"]
[Date "2008.01.12"]
[Round "4.17"]
[White "Roussel, Bernard"]
[Black "Tonal, Jean Jacques"]
[Result "1/2-1/2"]
[WhiteElo "1560"]
[BlackElo "1645"]
[PlyCount "37"]
[EventDate "2008.??.??"]
[EventType "swiss"]
[EventRounds "7"]
[EventCountry "FRA"]

1. d4 f5 2. c4 e6 3. Nc3 Nf6 4. Nf3 b6 5. a3 Bb7 6. Bg5 Be7 7. e3 O-O 8. d5 Ne4
9. Bxe7 Qxe7 10. Nb5 Na6 11. Bd3 c6 12. Nbd4 cxd5 13. cxd5 exd5 14. O-O Nac5
15. Be2 Rac8 16. Rc1 g5 17. g3 Ne6 18. Rxc8 Bxc8 19. Qb3 {(=)} 1/2-1/2

[Event "Morbihan Ch0708"]
[Site "Morbihan"]
[Date "2008.02.02"]
[Round "5.1"]
[White "Josse, Emmanuelle"]
[Black "Barre, Yann"]
[Result "0-1"]
[WhiteElo "1410"]
[BlackElo "1945"]
[PlyCount "80"]
[EventDate "2008.??.??"]
[EventType "swiss"]
[EventRounds "7"]
[EventCountry "FRA"]

1. Nf3 Nf6 2. c4 e6 3. g3 c5 4. Bg2 Nc6 5. d3 Be7 6. O-O O-O 7. b3 d5 8. Nbd2
Qc7 9. Bb2 b6 10. Rc1 Bb7 11. Rc2 Nb4 12. Be5 Qd7 13. Rb2 Ng4 14. a3 Nc6 15.
Bf4 Bf6 16. Rb1 e5 17. Bg5 d4 18. Ne4 Bxg5 19. Nfxg5 h6 20. Nf3 f5 21. Ned2 Nf6
22. Nh4 Rfe8 23. Bh3 Ne7 24. f3 g5 25. Ng2 Kg7 26. Ne1 Ng6 27. Bg2 h5 28. f4
exf4 29. Bxb7 Qxb7 30. gxf4 Nxf4 31. Rxf4 gxf4 32. Nef3 Kh6 33. Kh1 Ng4 34. Qe1
Qe7 35. Qh4 Qxh4 36. Nxh4 Rxe2 37. Ndf3 Nf2+ 38. Kg1 Nh3+ 39. Kh1 Rg8 40. Nxf5+
Kh7 0-1

[Event "Morbihan Ch0708"]
[Site "Morbihan"]
[Date "2008.02.02"]
[Round "5.2"]
[White "Stephan, Victor"]
[Black "Jolivel, Dominique"]
[Result "1/2-1/2"]
[WhiteElo "2079"]
[BlackElo "1870"]
[PlyCount "63"]
[EventDate "2008.??.??"]
[EventType "swiss"]
[EventRounds "7"]
[EventCountry "FRA"]

1. d4 Nf6 2. c4 g6 3. Nc3 d5 4. cxd5 Nxd5 5. e4 Nxc3 6. bxc3 Bg7 7. Nf3 c5 8.
Rb1 cxd4 9. cxd4 O-O 10. Be2 Qa5+ 11. Bd2 Qxa2 12. O-O Qe6 13. Qc2 Qd7 14. d5
Qd8 15. Bf4 Nd7 16. Rfd1 Nb6 17. Bc7 Qe8 18. d6 e6 19. Bxb6 axb6 20. Qc7 Bd7
21. Rxb6 Bc6 22. Rb4 Qd8 23. Qxd8 Rfxd8 24. h3 Ra3 25. e5 Bxf3 26. Bxf3 Bxe5
27. d7 Ra7 28. Bxb7 Rxd7 29. Rdb1 Rd2 30. f4 Bd6 31. Rc4 Kg7 32. Bf3 1/2-1/2

[Event "Morbihan Ch0708"]
[Site "Morbihan"]
[Date "2008.02.02"]
[Round "5.3"]
[White "Forlot, Francois"]
[Black "Lages, Michel"]
[Result "1-0"]
[WhiteElo "1888"]
[BlackElo "2010"]
[PlyCount "73"]
[EventDate "2008.??.??"]
[EventType "swiss"]
[EventRounds "7"]
[EventCountry "FRA"]

1. e4 c5 2. Nf3 e6 3. d4 cxd4 4. Nxd4 Nf6 5. Nc3 Nc6 6. Bg5 Qa5 7. Bxf6 gxf6 8.
Ndb5 a6 9. Nd6+ Bxd6 10. Qxd6 Qb4 11. O-O-O Qxd6 12. Rxd6 Ke7 13. Rd2 b5 14.
Be2 Bb7 15. Rhd1 Rad8 16. Rd6 Rhg8 17. g3 Ne5 18. f3 h5 19. Rb6 Rb8 20. a4 Nc4
21. Bxc4 bxc4 22. Rd4 h4 23. g4 f5 24. h3 fxg4 25. fxg4 f5 26. exf5 exf5 27.
gxf5 d5 28. Rxh4 Kd7 29. Rh7+ Kc8 30. Ne2 Ba8 31. Rxa6 Rg2 32. Nf4 Rg1+ 33. Kd2
d4 34. Rg6 Rxg6 35. fxg6 Be4 36. Rh8+ Kc7 37. Ne6+ 1-0

[Event "Morbihan Ch0708"]
[Site "Morbihan"]
[Date "2008.02.02"]
[Round "5.4"]
[White "Ababou, Alexandre"]
[Black "Le Corre, Patrick"]
[Result "1-0"]
[WhiteElo "1910"]
[BlackElo "1978"]
[PlyCount "56"]
[EventDate "2008.??.??"]
[EventType "swiss"]
[EventRounds "7"]
[EventCountry "FRA"]

1. e4 c5 2. Nc3 g6 3. Nf3 Bg7 4. d4 cxd4 5. Nxd4 Nc6 6. Be3 d6 7. Qd2 Nf6 8. f3
Bd7 9. g4 Rc8 10. O-O-O a6 11. Nb3 Ne5 12. Be2 b5 13. Bh6 Bxh6 14. Qxh6 Qc7 15.
Rd2 Be6 16. Nd4 Bc4 17. f4 b4 18. Nd5 Nxd5 19. fxe5 dxe5 20. Qg7 Rf8 21. Bxc4
Qxc4 22. Qxe5 Qxa2 23. Nb3 Qxb3 24. exd5 Qa2 25. Re2 e6 26. b3 Qxb3 27. dxe6
Qxe6 28. Rd1 Rd8 1-0

[Event "Morbihan Ch0708"]
[Site "Morbihan"]
[Date "2008.01.12"]
[Round "5.5"]
[White "Le Talbodec, Emmanuel"]
[Black "Rivalin, Patrick"]
[Result "1-0"]
[WhiteElo "1947"]
[BlackElo "1620"]
[PlyCount "45"]
[EventDate "2008.??.??"]
[EventType "swiss"]
[EventRounds "7"]
[EventCountry "FRA"]

1. d4 d5 2. c4 c6 3. cxd5 cxd5 4. Nf3 Nf6 5. Nc3 e6 6. g3 Be7 7. Bg2 O-O 8. O-O
Nc6 9. Bf4 Qb6 10. b3 Ne4 11. Nxe4 dxe4 12. Ne5 Nxd4 13. Bxe4 Rd8 14. Qd3 f5
15. Bg2 Bf6 16. Nc4 Qb4 17. Rad1 Rb8 18. Bxb8 Bd7 19. Bxa7 Bc6 20. Bxc6 Nxc6
21. Qe3 Kf7 22. Rxd8 Bxd8 23. Bc5 1-0

[Event "Morbihan Ch0708"]
[Site "Morbihan"]
[Date "2008.02.02"]
[Round "5.6"]
[White "Salaun, Michel"]
[Black "Le Talbodec, Emmanuel"]
[Result "1/2-1/2"]
[WhiteElo "2051"]
[BlackElo "1947"]
[PlyCount "163"]
[EventDate "2008.??.??"]
[EventType "swiss"]
[EventRounds "7"]
[EventCountry "FRA"]

1. Nf3 d5 2. d4 Nf6 3. c4 c6 4. Nc3 g6 5. cxd5 cxd5 6. Qb3 Bg7 7. Bg5 e6 8. e4
dxe4 9. Bb5+ Bd7 10. Ne5 O-O 11. O-O Bxb5 12. Qxb5 Qb6 13. Rac1 Qxb5 14. Nxb5
Nd5 15. Bh4 Bxe5 16. dxe5 Nc6 17. Bg3 Ndb4 18. Rc4 Nxa2 19. Nd6 Nab4 20. Nxe4
Rfd8 21. Nf6+ Kg7 22. Rg4 Rd2 23. f4 Rxb2 24. Bh4 Nc2 25. Nh5+ Kf8 26. Nf6 Ne3
27. Nxh7+ Kg8 28. Nf6+ Kh8 29. Rg3 Nxf1 30. Rh3 Kg7 31. Ne8+ Kf8 32. Nd6 Ne7
33. Bf6 Nd2 34. Rh7 Rb1+ 35. Kf2 Ne4+ 36. Nxe4 Rc8 37. Bg7+ Ke8 38. Nd6+ Kd7
39. Nxc8 Nxc8 40. Bf6 a5 41. Rxf7+ Kc6 42. Bd8 Kd5 43. Bxa5 Na7 44. Rg7 Ke4 45.
Rxg6 Kxf4 46. Bc3 Rb3 47. g3+ Ke4 48. Rg4+ Kd3 49. Ba1 Ra3 50. Rd4+ Kc2 51.
Rc4+ Kd3 52. Rc1 Ra2+ 53. Kg1 Nc6 54. h4 Ne7 55. g4 b5 56. Bc3 Nd5 57. Be1 Re2
58. g5 Rxe5 59. g6 Re4 60. Kh2 Rg4 61. h5 b4 62. Kh3 Rg5 63. Kh4 Rg2 64. Bg3
Ne3 65. Kh3 Ra2 66. g7 Ra8 67. h6 Nf5 68. Bf4 Ke4 69. Kg4 b3 70. Rb1 Rg8 71.
Rxb3 Nxg7 72. Re3+ Kd4 73. h7 Rh8 74. Rh3 e5 75. Bg5 Ne8 76. Kf5 e4 77. Bf6+
Nxf6 78. Kxf6 e3 79. Kg7 Rxh7+ 80. Rxh7 e2 81. Rh1 Ke3 82. Rh8 {Salaun Michel}
1/2-1/2

[Event "Morbihan Ch0708"]
[Site "Morbihan"]
[Date "2008.02.02"]
[Round "5.7"]
[White "Payet, Quentin"]
[Black "Gallois, Jerome"]
[Result "1-0"]
[WhiteElo "1550"]
[BlackElo "1967"]
[PlyCount "118"]
[EventDate "2008.??.??"]
[EventType "swiss"]
[EventRounds "7"]
[EventCountry "FRA"]

1. e4 d5 2. exd5 Qxd5 3. Nc3 Qd6 4. d3 Nf6 5. h3 a6 6. Be2 e5 7. Bg5 Be7 8. Nf3
Nbd7 9. O-O h6 10. Bh4 Qb6 11. Rb1 c6 12. Qd2 O-O 13. b4 Re8 14. Rfe1 Bxb4 15.
a3 Bxc3 16. Qxc3 Qc5 17. Qxc5 Nxc5 18. Bf1 g5 19. Bg3 e4 20. Ne5 exd3 21. Bxd3
Nxd3 22. cxd3 Nd5 23. d4 Nc3 24. Rb3 Nb5 25. Rd1 Bf5 26. Rd2 Rad8 27. a4 Rxd4
28. Rxd4 Nxd4 29. Rxb7 Ne2+ 30. Kh2 Nxg3 31. Nxf7 Bc8 32. Nxh6+ Kh8 33. Rc7 Be6
34. Kxg3 Bd5 35. Ng4 Rf8 36. f3 Rf4 37. a5 Kg8 38. Ne5 Ra4 39. Nxc6 Bxc6 40.
Rxc6 Rxa5 41. h4 gxh4+ 42. Kxh4 Ra1 43. f4 a5 44. g4 a4 45. Kg5 Kf8 46. Kf6 Ke8
47. g5 Kd7 48. Ra6 a3 49. g6 a2 50. f5 Rc1 51. Rxa2 Rc6+ 52. Kg5 Ke7 53. Ra7+
Kf8 54. Rf7+ Kg8 55. Rf6 Rc1 56. Re6 Rc8 57. f6 Rd8 58. Kh6 Rc8 59. f7+ Kf8 1-0

[Event "Morbihan Ch0708"]
[Site "Morbihan"]
[Date "2008.02.02"]
[Round "5.8"]
[White "Deslias, Gregoire"]
[Black "Meysson, Jean Marc"]
[Result "0-1"]
[WhiteElo "1736"]
[BlackElo "1958"]
[PlyCount "114"]
[EventDate "2008.??.??"]
[EventType "swiss"]
[EventRounds "7"]
[EventCountry "FRA"]

1. d4 Nf6 2. c4 e6 3. Nc3 d5 4. Bg5 Nbd7 5. e3 c6 6. Nf3 Qa5 7. Bd3 Ne4 8. Bxe4
dxe4 9. Ne5 Bb4 10. Qd2 O-O 11. Nxd7 Bxd7 12. Bf4 c5 13. O-O Rfd8 14. a3 Bxc3
15. Qxc3 Qxc3 16. bxc3 Rac8 17. Rfc1 Ba4 18. Rab1 b6 19. h3 f6 20. Bg3 Be8 21.
Rb2 Rc6 22. Rd2 Bf7 23. Rb2 Kf8 24. Kf1 Ke8 25. Ke2 Rdc8 26. Rbc2 cxd4 27. cxd4
e5 28. dxe5 Bxc4+ 29. Ke1 f5 30. Rc3 Ke7 31. h4 Ke6 32. a4 a6 33. f4 b5 34.
axb5 axb5 35. Rb1 Ra8 36. Rb2 Rca6 37. Rc1 Rd8 38. Rd2 Rb8 39. Rb2 Rab6 40. Kd1
Rd8+ 41. Ke1 Bd3 42. Ra2 Rd7 43. Rca1 b4 44. Rb2 Rc7 45. Kd1 b3 46. Rc1 Rxc1+
47. Kxc1 Bc2 48. Rxc2 bxc2 49. Kxc2 Kd5 50. Be1 Ra6 51. Bc3 Rg6 52. g3 Rxg3 53.
Kd2 Rh3 54. e6 Kxe6 55. Bxg7 Rxh4 56. Bd4 Rg4 57. Ke2 h5 0-1

[Event "Morbihan Ch0708"]
[Site "Morbihan"]
[Date "2008.02.02"]
[Round "5.9"]
[White "Annetti, Laurent"]
[Black "Rostam, Salim"]
[Result "1-0"]
[WhiteElo "1895"]
[BlackElo "1640"]
[PlyCount "45"]
[EventDate "2008.??.??"]
[EventType "swiss"]
[EventRounds "7"]
[EventCountry "FRA"]

1. d4 d5 2. Nf3 e6 3. e3 c5 4. b3 Nc6 5. Bd3 Nf6 6. O-O h6 7. Nbd2 g5 8. Bb2 b6
9. Qe2 Bb7 10. a3 Nd7 11. dxc5 e5 12. c4 Nxc5 13. Nxe5 Nxe5 14. Bxe5 f6 15.
Bg6+ Ke7 16. Bd4 Qd7 17. e4 dxe4 18. Bxc5+ bxc5 19. Nxe4 Qe6 20. Rfe1 Bg7 21.
Rad1 Rhd8 22. Nxc5 Qxe2 23. Rxe2+ 1-0

[Event "Morbihan Ch0708"]
[Site "Morbihan"]
[Date "2008.02.02"]
[Round "5.10"]
[White "Rivalin, Patrick"]
[Black "Pouliquen, Alain"]
[Result "1-0"]
[WhiteElo "1620"]
[BlackElo "1696"]
[PlyCount "86"]
[EventDate "2008.??.??"]
[EventType "swiss"]
[EventRounds "7"]
[EventCountry "FRA"]

1. d4 d5 2. c4 e6 3. Nc3 Nf6 4. Nf3 c6 5. Bg5 Nbd7 6. e3 Qa5 7. Bd3 dxc4 8. Bc2
Bb4 9. Qd2 Nd5 10. O-O Nxc3 11. a3 Nd5 12. axb4 Qxb4 13. Rfc1 Qxb2 14. e4 N5f6
15. Rcb1 Nxe4 16. Bxe4 Qxd2 17. Nxd2 h6 18. Bf4 Nf6 19. Bf3 Nd5 20. Bd6 b5 21.
Bc5 a5 22. Ne4 f6 23. Re1 c3 24. Nxc3 Kd7 25. Bxd5 cxd5 26. Nxb5 Kc6 27. Na7+
Kd7 28. Rxa5 Bb7 29. Rb1 Rhb8 30. f3 Bc6 31. Rxb8 Rxb8 32. Nxc6 Kxc6 33. Ra6+
Kb5 34. Rxe6 Rc8 35. Re7 Rxc5 36. dxc5 Kxc5 37. Kf2 Kc4 38. Rxg7 Kd3 39. Rg6 d4
40. Rxf6 Kd2 41. Rd6 d3 42. f4 Kc2 43. f5 d2 1-0

[Event "Morbihan Ch0708"]
[Site "Morbihan"]
[Date "2008.02.02"]
[Round "5.11"]
[White "Le Garrec, Maxime"]
[Black "Georget, Patrice"]
[Result "1-0"]
[WhiteElo "1764"]
[BlackElo "1650"]
[PlyCount "24"]
[EventDate "2008.??.??"]
[EventType "swiss"]
[EventRounds "7"]
[EventCountry "FRA"]

1. e4 c5 2. Nf3 Nc6 3. Bb5 d6 4. O-O Bd7 5. d4 a6 6. Bxc6 Bxc6 7. Re1 c4 8. d5
Bd7 9. Qd4 Rc8 10. e5 dxe5 11. Nxe5 Nf6 12. Nxc4 g6 1-0

[Event "Morbihan Ch0708"]
[Site "Morbihan"]
[Date "2008.02.02"]
[Round "5.13"]
[White "Marechal, Daniel"]
[Black "Pascot, Jean"]
[Result "0-1"]
[WhiteElo "1560"]
[BlackElo "1881"]
[PlyCount "80"]
[EventDate "2008.??.??"]
[EventType "swiss"]
[EventRounds "7"]
[EventCountry "FRA"]

1. Nf3 Nf6 2. c4 g6 3. Nc3 Bg7 4. e3 c6 5. d4 O-O 6. Bd3 d6 7. O-O Nbd7 8. Rb1
Re8 9. d5 cxd5 10. Nxd5 Nc5 11. Nxf6+ Bxf6 12. Bc2 Be6 13. b4 Nd7 14. Bb3 Rc8
15. Qe2 Nb6 16. c5 Bxb3 17. axb3 dxc5 18. bxc5 Rxc5 19. Bb2 Bxb2 20. Rxb2 Qc7
21. g3 Rc8 22. h4 Nd5 23. Ng5 Nc3 24. Qf3 Rf5 25. Qg4 h6 26. Nh3 Qd6 27. Nf4 h5
28. Qh3 Qa3 29. Rd2 Qxb3 30. Nxh5 Ne4 31. Rdd1 Nxf2 32. Rxf2 Qxd1+ 33. Rf1
Rxf1+ 34. Qxf1 Qxf1+ 35. Kxf1 gxh5 36. Ke2 a5 37. Kf3 a4 38. Kf4 a3 39. Kg5
Rc5+ 40. Kf4 a2 0-1

[Event "Morbihan Ch0708"]
[Site "Morbihan"]
[Date "2008.02.02"]
[Round "5.14"]
[White "Loizil, Joel"]
[Black "Audren, Jean"]
[Result "1-0"]
[WhiteElo "1880"]
[BlackElo "1390"]
[PlyCount "45"]
[EventDate "2008.??.??"]
[EventType "swiss"]
[EventRounds "7"]
[EventCountry "FRA"]

1. e4 e5 2. Nf3 Nc6 3. Bb5 Qf6 4. c3 Nge7 5. d4 exd4 6. cxd4 a6 7. Ba4 b5 8.
Bb3 d6 9. h3 h6 10. O-O Ng6 11. Nc3 Qd8 12. a4 bxa4 13. Bxa4 Bd7 14. Re1 Be7
15. Nd5 O-O 16. Qc2 f5 17. Bxc6 Bxc6 18. Qxc6 fxe4 19. Rxe4 Ra7 20. Bd2 Bf6 21.
Rae1 Kf7 22. Ba5 Ne7 23. Nxe7 1-0

[Event "Morbihan Ch0708"]
[Site "Morbihan"]
[Date "2008.03.08"]
[Round "6.1"]
[White "Barre, Yann"]
[Black "Forlot, Francois"]
[Result "1-0"]
[WhiteElo "1943"]
[BlackElo "1888"]
[PlyCount "41"]
[EventDate "2008.??.??"]
[EventType "swiss"]
[EventRounds "7"]
[EventCountry "FRA"]

1. e4 e5 2. f4 Bc5 3. Nf3 d6 4. Bc4 Nf6 5. Nc3 Nc6 6. d3 Ng4 7. Ng5 h6 8. Bxf7+
Kf8 9. Ne6+ Bxe6 10. Bxe6 Nf2 11. Qh5 Qf6 12. f5 Nxh1 13. Nd5 g6 14. Bxh6+ Rxh6
15. Qxh6+ Qg7 16. Qg5 Nd8 17. f6 Qh7 18. f7 Bf2+ 19. Kf1 Bh4 20. Nf6 Qh8 21.
Qxh4 1-0

[Event "Morbihan Ch0708"]
[Site "Morbihan"]
[Date "2008.03.08"]
[Round "6.2"]
[White "Ababou, Alexandre"]
[Black "Payet, Quentin"]
[Result "1-0"]
[WhiteElo "1910"]
[BlackElo "1560"]
[PlyCount "55"]
[EventDate "2008.??.??"]
[EventType "swiss"]
[EventRounds "7"]
[EventCountry "FRA"]

1. e4 e6 2. d4 d5 3. Nc3 Nf6 4. Bg5 Be7 5. e5 Nfd7 6. Bxe7 Qxe7 7. f4 c5 8. Nb5
O-O 9. Nc7 Nc6 10. Nxa8 Nxd4 11. Nf3 Nxf3+ 12. Qxf3 f6 13. exf6 Nxf6 14. O-O-O
Bd7 15. Nc7 c4 16. f5 Ne4 17. Nxd5 exd5 18. Rxd5 Bc6 19. Bxc4 Bxd5 20. Bxd5+
Kh8 21. Qxe4 Qc7 22. g4 h6 23. h4 b5 24. g5 Qb6 25. f6 gxf6 26. Qg6 Qe3+ 27.
Kb1 Qe7 28. Qxh6+ 1-0

[Event "Morbihan Ch0708"]
[Site "Morbihan"]
[Date "2008.03.08"]
[Round "6.3"]
[White "Stephan, Victor"]
[Black "Josse, Emmanuelle"]
[Result "1-0"]
[WhiteElo "2094"]
[BlackElo "1410"]
[PlyCount "73"]
[EventDate "2008.??.??"]
[EventType "swiss"]
[EventRounds "7"]
[EventCountry "FRA"]

1. e4 g6 2. d4 Bg7 3. Nf3 d6 4. Bc4 Nf6 5. Qe2 Bg4 6. e5 Bxf3 7. Qxf3 d5 8.
exf6 Bxf6 9. Qxd5 Qxd5 10. Bxd5 c6 11. Bb3 Bxd4 12. c3 Bg7 13. O-O Nd7 14. Re1
e5 15. Nd2 O-O 16. Ne4 h6 17. Be3 a5 18. Rad1 Rad8 19. Nc5 Nxc5 20. Bxc5 Rxd1
21. Rxd1 Ra8 22. Rd7 b5 23. Bxf7+ Kh7 24. h4 a4 25. Rd6 g5 26. h5 Kh8 27. Rxc6
Rd8 28. Rd6 Rf8 29. Rd7 Rc8 30. Be7 e4 31. Rd8+ Rxd8 32. Bxd8 Be5 33. Be8 b4
34. cxb4 Bxb2 35. b5 Kg8 36. b6 Kf8 37. Bxa4 1-0